00358nam a22001211a 4500020000900000040002600009082002400035100005300059245007000112260003900182300001200221852000300233 c0.00 aNEGST Library - Kenya aBX 9225 .B57A3 1898 aBonar, Andrew A.q(Andrew Alexander),d1810-1892 a Andrew A. Bonar D.D : Diary and letters cMarjory Bonar h[Text] aLondonbHodder and Stoughtonc1898 axv,400p